Countries in 1910 - Statistics

General Stats
  • This quiz has been taken 47 times
  • The average score is 49 of 65
Answer Stats
Country % Correct
Canada
98%
Germany
96%
Portugal
96%
Russia
96%
Denmark
93%
Panama
93%
Argentina
91%
Belgium
91%
Costa Rica
91%
Greece
91%
Mexico
91%
Spain
91%
Sweden
91%
Ethiopia
89%
Netherlands
89%
Ottoman Empire
89%
Switzerland
89%
Brazil
87%
Bulgaria
87%
Chile
87%
China
87%
Colombia
87%
France
87%
Italy
87%
Japan
87%
Norway
87%
Peru
87%
Rumania
87%
United States
87%
Uruguay
87%
Australia
84%
Austria-Hungary
84%
El Salvador
84%
Honduras
84%
Paraguay
84%
Serbia
84%
United Kingdom
84%
Venezuela
84%
Ecuador
80%
Guatemala
80%
Luxembourg
80%
Nicaragua
80%
San Marino
80%
Andorra
76%
Bolivia
76%
New Zealand
76%
South Africa
76%
Cuba
71%
Liberia
71%
Liechtenstein
71%
Monaco
71%
Persia
71%
Siam
71%
Dominican Republic
67%
Haiti
67%
Montenegro
64%
Nepal
62%
Bhutan
51%
Morocco
49%
Newfoundland
20%
Ha'il
16%
Nejd
16%
Crete
9%
Ouaddai
4%
Tavolara
4%
No matching quizzes found
Score Distribution
Percent of People with Each Score
Percentile by Number Answered
Your Score History
You have not taken this quiz